01896nam a2200265Ia 4500001000600000003000900006008004100015040001300056040001300069041001300082100002000095100002900115245005800144245005800202250001100260260000900271260002800280260004900308300005700357500111700414650002801531650003101559700001101590700002901601F4750IT-RoPAU130308s9999 xx 000 0 und d aIT-RoPAU cIT-RoPAU aITALIANO aEmiliani Simone gCodice Aut. SPICS: 43759 aKevin Costner: i mondi imperfetti di un eroe per caso bKevin Costner: I mondi imperfetti di un Eroe per Caso a1a ed. aROMA bSorbini Stefano Editore c1997 [1° Ed.:1997 - Ed.Ling.Originale:1997] a"160 p. (prefazione: no ; testo: 160 [pagine: 0-0])" a"Introduzione di Federico Chiacchiari. Kevin Costner, Ovvero la Reincarnazione del Divo Hollywoodiano: Modelli Mitici, fantasmi del Divismo Classico. Note Biografiche. Esordi. parla Kevin Costner a cura di Alessandro Paesano:Suo pensiero , Sua Esperienza, Suoi Rapporti con registi e Giornalisti, Sueinterpretazioni. Antologia Critica a cura di Alessandro Paesano. Note Sui Film Thriller: senza via di Scampo, Revenge e guardia del Corpo. 500 Nazioni: la Storia delle tribù Indiane. Note Critiche Sui Film: The War, The Mission (Episodio della Serie televisiva ""Storie Incredibili""), The Postman. Filmografia. Videografia. Bibliografia. Note Critiche Sui Film: Fandango a cura di Federico Chiacchiari, gli Intoccabili a cura di Rinaldo Censi, J.F.K. e Robin Hood a cura di Demetrio Salvi, I Film sportivi (Il Vincitore, Bull Durham, l'uomo dei Sogni, Tin Cup) a cura di Giuseppe Gariazzo, balla Coilupi a cura di Giona A. Nazzaro, un Mondo Perfetto a cura di Mauro Gervasini, Wyatt Earp a cura di Roy Menarini, Waterworld a cura di Fabrizio Liberti. Il Mondo Perfetto di Kevin Costner di Alberto Castellano." aAUTORI/OPERE DEL CINEMA eCodice materia Spics: 6807 aAA.VV. gCodice Aut. SPICS: 12000